| 000 | 00585nam a2200229 a 4500 | ||
|---|---|---|---|
| 001 | 0001-1014 | ||
| 003 | ELIB.Books | ||
| 008 | 141022 2010 eng | ||
| 020 | _a9879403673 | ||
| 035 | _a(ELIB.Books)0001-1168 | ||
| 092 |
_a266 _bYam |
||
| 100 | _aYamamori, Tetsunao | ||
| 245 | _aThe Local Church, Agent of Transformation | ||
| 260 |
_aArgentina _bEdiciones Kairos _c2004 |
||
| 300 |
_a321 _c20.3 Cm |
||
| 650 | _aMission | ||
| 856 |
_nKBTS; Library _uKBTS; Elib. |
||
| 942 |
_2ddc _cBK |
||
| 990 | _a5 | ||
| 998 |
_cbat _e2014-10-22 |
||
| 999 |
_c11014 _d11014 |
||